Rosja - Quiz Wielokrotnego Wyboru - Statystyki

Ogólne statystyki
  • Ten quiz został rozwiązany 726 razy
  • Średni wynik to 12 z 15
Statystyki odpowiedzi
Zagadnienie Odpowiedź % Poprawnych
Jakie zwierzę często symbolizuje Rosję? Niedźwiedź
100%
Jak pisane jest Moskwa w języku rosyjskim? Mосква
93%
Co to jest samowar? Naczynie do podgrzewania wody i serwowania herbaty 
93%
Który z tych krajów NIE graniczy z Rosją? Moldova
90%
Czym jest babuszka? Stara kobieta 
90%
Jak nazywał się najmłodsza córka ostatniego cara? Anastazja
86%
Które z tych obszarów wody Rosja NIE dotyka? Morze Wschodniochińskie
86%
Które z tych terminów odnosi się do regionu Rosji? Obwody
86%
Czy Moskwa leży na wybrzeżu? Nie
76%
Kim był Jurij Gagarin? Pierwsza osoba na orbicie Ziemi 
76%
Kiedy po raz ostatni Moskwa została pojmana przez obcą potęgę? 1812, Napoleon
72%
Jaki słynny Rosjanin został zamordowany w Mexico City w 1940 roku? Lew Trocki
72%
Jakie miasto było znane jako Stalingrad między 1925 a 1961 rokiem? Wołgograd
72%
Które z tych utworów muzycznych NIE jest autorstwa Czajkowskiego? Czarodziejski flet
52%
Dlaczego miasto Czelabińsk na krótko stało się sławne w 2013 roku? Eksplozja meteorów
24%
Nie znaleziono quizów pasujących do podanych kryteriów
Rozkład punktacji
Procent ludzi z każdym wynikiem
Percentyl według liczby udzielonych odpowiedzi
Twoja historia wyników
Nie rozwiązałeś tego quizu